000
00313nam a2200133Ia 4500
005
20251222143309.0
008
251222s9999||||xx |||||||||||||| ||spa||
020
_a
84-86419-19-0
082
_a
839.77/L35
100
_a
Leckius, Ingemar
245
0
_a
La Huella Abrupta
264
_b
Ingemar Leckius
942
_c
LIB
999
_c
15645
_d
15645